| 000 | 00619nam a22002177a 4500 | ||
|---|---|---|---|
| 001 | 00028866 | ||
| 005 | 20260423190856.0 | ||
| 008 | 260423b ag ||||| |||| 00| 0 spa d | ||
| 020 | _a847583910 | ||
| 040 |
_aAR-CcCEOS _bspa _cAR-CcCEOS |
||
| 041 | _aspa | ||
| 080 | _a94(520) | ||
| 090 | _bJAN v.2 | ||
| 100 |
_aCollcutt Jansen y Kumakura _91112 |
||
| 245 |
_aJapón : El imperio del sol naciente : _bVolumen II / _cCollcutt Jansen y Kumakura |
||
| 264 |
_aBarcelona : _bFolio, _c1994. |
||
| 300 |
_a239 p. ; _c24x18 cm. |
||
| 490 | _vAtlas culturales del mundo | ||
| 655 | 0 |
_aarte _9138 |
|
| 942 |
_2udc _cBK _n0 |
||
| 999 |
_c28908 _d28908 |
||